| 000 | 00371nam a22001577a 4500 | ||
|---|---|---|---|
| 003 | macl | ||
| 005 | 20230129130623.0 | ||
| 008 | 230129b |||||||| |||| 00| 0 eng d | ||
| 040 | _cmacl | ||
| 082 | _a510 | ||
| 100 |
_aPatel, Aditya _981671 |
||
| 245 | _aअंकगणित Volume -1 | ||
| 260 |
_aindore _bWinners Pub. _c2022 |
||
| 650 | _amaths | ||
| 942 |
_2ddc _cHIN |
||
| 999 |
_c65826 _d65826 |
||